[Event "World Blitz 2023"]
[Site "Samarkand UZB"]
[Date "2023.12.29"]
[Round "4.27"]
[White "Vincent Keymer"]
[Black "Dmitry Bocharov"]
[Result "0-1"]
[EventDate "2023.12.29"]
[WhiteElo "2629"]
[BlackElo "2482"]
[PlyCount "96"]

1. Nf3 c5 2. c4 Nf6 3. b3 g6 4. Bb2 Bg7 5. g3 b6 6. Bg2 Bb7 7. O-O O-O 8. e3 Nc6 9. Nc3 d5 10. d3 Qd7 11. Qe2 d4 12. exd4 cxd4 13. Nb5 Nh5 14. Nd2 a6 15. Na3 e5 16. Nc2 Rfe8 17. b4 f5 18. c5 b5 19. Rfe1 e4 20. Qf1 Rad8 21. Rac1 e3 22. Nf3 f4 23. a4 Rf8 24. axb5 axb5 25. Qe2 Rde8 26. Qf1 h6 27. Bh3 Qd8 28. Bg2 Qc7 29. g4 Nf6 30. h3 Qd7 31. Ncxd4 Nxd4 32. Nxd4 Nxg4 33. hxg4 Bxg2 34. Qxg2 Bxd4 35. Bxd4 Qxd4 36. Qf3 exf2+ 37. Qxf2 Re3 38. Rxe3 fxe3 39. Qg3 e2+ 40. Kg2 Qd5+ 41. Kg1 Rf3 42. Qb8+ Kg7 43. Qc7+ Kf6 44. Re1 Qd4+ 45. Kh1 Rh3+ 46. Kg2 Qxg4+ 47. Kf2 Qf3+ 48. Kg1 Rh1# 0-1

[Event "World Blitz 2023"]
[Site "Samarkand UZB"]
[Date "2023.12.29"]
[Round "5.45"]
[White "Aldiyar Ansat"]
[Black "Vincent Keymer"]
[Result "1-0"]
[EventDate "2023.12.29"]
[WhiteElo "2404"]
[BlackElo "2629"]
[PlyCount "124"]

1. e4 e5 2. Nf3 Nc6 3. Bb5 a6 4. Ba4 Nf6 5. O-O Be7 6. Re1 b5 7. Bb3 O-O 8. a4 b4 9. d4 d6 10. dxe5 Nxe5 11. Nbd2 a5 12. Nc4 Nxf3+ 13. Qxf3 Bb7 14. Nd2 Kh8 15. c3 Nd7 16. Qh3 Nc5 17. Bc2 Bc8 18. Qf3 Rb8 19. Nc4 b3 20. Bb1 Be6 21. Nxa5 Qd7 22. c4 Rb6 23. Bd2 Bf6 24. Bc3 Bxc3 25. Qxc3 Ra8 26. Ra3 Nxa4 27. Qd2 Rab8 28. h4 Nc5 29. h5 h6 30. Qd4 f6 31. Re3 Qe8 32. Qd1 Bf7 33. Nxb3 Bxh5 34. Qc2 Bg6 35. Qd1 Qe5 36. Nxc5 Qxc5 37. Qg4 Bh5 38. Qd7 Rxb2 39. Bd3 Qe5 40. Rg3 f5 41. Qxf5 Qxf5 42. exf5 Re8 43. Ra7 Re7 44. Ra8+ Re8 45. Ra7 Re7 46. Ra8+ Re8 47. Ra7 Re7 48. Ra8+ Re8 49. Ra7 Re7 50. Ra8+ Re8 51. Rxe8+ Bxe8 52. Re3 Ba4 53. Re7 Rd2 54. Be4 Rd4 55. Bd5 Rf4 56. Be6 c5 57. Ra7 Bc6 58. Rc7 Be4 59. Rc8+ Kh7 60. Bg8+ Kh8 61. Bf7+ Kh7 62. Bg6# 1-0

[Event "World Blitz 2023"]
[Site "Samarkand UZB"]
[Date "2023.12.29"]
[Round "6.59"]
[White "Mergen Kakabayev"]
[Black "Vincent Keymer"]
[Result "1/2-1/2"]
[EventDate "2023.12.29"]
[WhiteElo "2255"]
[BlackElo "2629"]
[PlyCount "286"]

1. e4 e5 2. Nf3 Nc6 3. Bb5 a6 4. Ba4 Nf6 5. O-O Be7 6. Re1 b5 7. Bb3 O-O 8. c3 d6 9. h3 Nb8 10. d4 Nbd7 11. Nbd2 Bb7 12. Bc2 Re8 13. Nf1 Bf8 14. Ng3 g6 15. a4 c6 16. Be3 Qc7 17. Bd3 Bg7 18. Qb3 h6 19. axb5 axb5 20. dxe5 dxe5 21. c4 b4 22. c5 Reb8 23. Bc4 Nf8 24. Qxb4 Rxa1 25. Rxa1 Ba6 26. Qc3 Bxc4 27. Qxc4 Rxb2 28. Qc3 Rb5 29. Ra6 N6d7 30. Nd2 Ne6 31. Nb3 Qb7 32. Ra3 Bf8 33. Na5 Qc7 34. Nc4 Nexc5 35. Ra8 Rb8 36. Rxb8 Qxb8 37. h4 h5 38. Kh2 Qc7 39. f3 Ne6 40. Na5 c5 41. Nc4 Qd8 42. Nf1 Qxh4+ 43. Kg1 Nd4 44. Qd3 Qf6 45. Bf2 Bh6 46. Nfe3 Bxe3 47. Nxe3 Qe6 48. Nd5 Nf6 49. Ne3 Qb3 50. Qxb3 Nxb3 51. Nc4 Nd7 52. Kf1 Kf8 53. Ke2 Ke7 54. Kd3 Ke6 55. Be1 Nd4 56. Bg3 f6 57. Bf2 Nb5 58. Na5 Nd6 59. Kc3 g5 60. Nb3 c4 61. Na5 h4 62. Nxc4 Nxc4 63. Kxc4 Nf8 64. Kd3 Ng6 65. Ke2 Nf4+ 66. Kf1 Kd7 67. g3 hxg3 68. Bxg3 Kc6 69. Bf2 Kb5 70. Ba7 Ne6 71. Kf2 Nd4 72. Kg3 Kc6 73. Kg4 Kd6 74. Bb6 Ke6 75. Bd8 Nb5 76. Bb6 Nd6 77. Bd8 Kf7 78. Bc7 Ne8 79. Bd8 Kg6 80. Be7 Nc7 81. Bd8 Ne6 82. Be7 Nd4 83. Bd8 Nc6 84. Bb6 Kf7 85. Bc5 Ke6 86. Bb6 Ne7 87. Bd8 Ng6 88. Bb6 Kf7 89. Bd8 Nh4 90. Bb6 Kg6 91. Bd8 Ng2 92. Bb6 Kg7 93. Ba7 Kf7 94. Bb6 Kg6 95. Ba7 Nh4 96. Bb6 f5+ 97. exf5+ Nxf5 98. Bf2 Nh6+ 99. Kg3 Kf5 100. Bb6 Ng8 101. Bd8 Nf6 102. Bc7 Nh5+ 103. Kf2 Nf4 104. Bb8 Nd5 105. Bd6 Kf4 106. Bc5 Nc3 107. Be3+ Kf5 108. Bb6 Nd5 109. Bd8 Nf6 110. Bc7 Nh5 111. Bb8 Ng7 112. Bc7 Kf4 113. Bb6 Nf5 114. Ba7 Nd4 115. Bb6 Nxf3 116. Be3+ Ke4 117. Ba7 g4 118. Kg3 Kf5 119. Be3 Nd4 120. Bf2 Ne2+ 121. Kg2 Nd4 122. Kg3 Ne6 123. Be3 Ng5 124. Ba7 Ne4+ 125. Kg2 Kf4 126. Bg1 Nd6 127. Bh2+ Ke4 128. Kg3 Kf5 129. Bg1 e4 130. Ba7 Nf7 131. Bb8 Ne5 132. Kf2 Kf4 133. Ba7 Nd3+ 134. Ke2 g3 135. Bb8+ Kg4 136. Ke3 Nf2 137. Bc7 Kh3 138. Bb8 Kg2 139. Bc7 Kh3 140. Bb8 Kg4 141. Bc7 Nh3 142. Bxg3 Kxg3 143. Kxe4 1/2-1/2

[Event "World Blitz 2023"]
[Site "Samarkand UZB"]
[Date "2023.12.29"]
[Round "7.54"]
[White "Vincent Keymer"]
[Black "Sumiya Bilguun"]
[Result "1-0"]
[EventDate "2023.12.29"]
[WhiteElo "2629"]
[BlackElo "2407"]
[PlyCount "102"]

1. Nf3 c5 2. g3 g6 3. Bg2 Bg7 4. O-O Nc6 5. c4 d6 6. e3 e5 7. Nc3 Nge7 8. a3 a5 9. d3 O-O 10. Nd2 Be6 11. Nd5 Rb8 12. b3 b5 13. Rb1 f5 14. Bb2 Bf7 15. Qc2 Nxd5 16. cxd5 Ne7 17. e4 g5 18. a4 b4 19. Nc4 f4 20. f3 Ng6 21. Bh3 h5 22. Rf2 h4 23. Rg2 fxg3 24. hxg3 Be8 25. Be6+ Bf7 26. Bf5 hxg3 27. Bxg6 Bxg6 28. Rxg3 Bf6 29. Qg2 Kf7 30. Kf2 Rh8 31. Rh1 Qc7 32. Bc1 Rxh1 33. Qxh1 Rh8 34. Qg2 Qd8 35. Bxg5 Bxg5 36. Rxg5 Rh2 37. Nxd6+ Kf8 38. Qxh2 Qxg5 39. Nc4 Qc1 40. Qh8+ Ke7 41. Qxe5+ Kf7 42. Qb2 Qh1 43. Qe5 Bh5 44. Qf4+ Kg7 45. Ne5 c4 46. dxc4 Be8 47. d6 Qd1 48. Qg5+ Kh7 49. Qe7+ Kh6 50. Ng4+ Kh5 51. Qh7+ 1-0

[Event "World Blitz 2023"]
[Site "Samarkand UZB"]
[Date "2023.12.29"]
[Round "8.41"]
[White "Vincent Keymer"]
[Black "Matvey Galchenko"]
[Result "1-0"]
[EventDate "2023.12.29"]
[WhiteElo "2629"]
[BlackElo "2424"]
[PlyCount "154"]

1. Nf3 c5 2. g3 g6 3. Bg2 Bg7 4. c4 Nc6 5. Nc3 d6 6. b3 e6 7. Bb2 Nge7 8. O-O O-O 9. e3 e5 10. a3 h6 11. d3 Be6 12. Rc1 Rc8 13. Nd2 d5 14. e4 dxe4 15. dxe4 Qd7 16. Nd5 Nd4 17. b4 b6 18. Nf3 Nxd5 19. cxd5 Bg4 20. bxc5 bxc5 21. Qd3 Rb8 22. Bxd4 cxd4 23. Nd2 Qb5 24. Rc4 Qa6 25. Rfc1 Bd7 26. Qf3 Rb2 27. Rc7 Bb5 28. Nc4 Ra2 29. Bf1 Qa4 30. h4 Bxc4 31. Bxc4 Rxa3 32. Qe2 Rc3 33. Rxc3 dxc3 34. Bd3 Qa5 35. Rc6 Rb8 36. Qc2 Bf8 37. Rxc3 Qa1+ 38. Kg2 Rb2 39. Qc1 Qxc1 40. Rxc1 Rd2 41. Bb5 Rd4 42. Kf3 a5 43. Rc7 a4 44. Be8 f5 45. Bxg6 fxe4+ 46. Bxe4 a3 47. Ra7 Rd2 48. Ra8 Kg7 49. Ra7+ Kf6 50. Ra6+ Kg7 51. Ke3 Rb2 52. d6 Rb3+ 53. Ke2 Kf6 54. Bd5 Rb2+ 55. Kf3 Rb5 56. Bc4 Rb4 57. Ba2 Rd4 58. Rxa3 Bxd6 59. Ra6 Kg7 60. Rc6 Rd2 61. Bb1 Bf8 62. Bc2 Rd4 63. h5 Rd2 64. Ke3 Rd8 65. Ke4 Rd2 66. f3 Rg2 67. g4 Re2+ 68. Kf5 Re3 69. Be4 Ra3 70. Rc7+ Kh8 71. Kxe5 Ra5+ 72. Ke6 Ra6+ 73. Kf7 Ra5 74. Kxf8 Rf5+ 75. Ke7 Rf7+ 76. Kd6 Rf6+ 77. Ke5 1-0

[Event "World Blitz 2023"]
[Site "Samarkand UZB"]
[Date "2023.12.29"]
[Round "9.24"]
[White "Bardiya Daneshvar"]
[Black "Vincent Keymer"]
[Result "1/2-1/2"]
[EventDate "2023.12.29"]
[WhiteElo "2483"]
[BlackElo "2629"]
[PlyCount "344"]

1. Nf3 Nf6 2. g3 b5 3. Bg2 Bb7 4. O-O e6 5. d3 c5 6. e4 Be7 7. e5 Nd5 8. c4 Nc7 9. Qe2 d6 10. exd6 Bxd6 11. Nc3 b4 12. Ne4 Be7 13. Rd1 Nc6 14. Be3 Nd4 15. Nxd4 cxd4 16. Bf4 O-O 17. Nf6+ Bxf6 18. Bxb7 Rb8 19. Bg2 Bg5 20. Be5 Bf6 21. a3 b3 22. Rac1 Qe7 23. Bxc7 Qxc7 24. c5 Rfc8 25. Rc4 g6 26. c6 Qd6 27. Rdc1 Bg5 28. f4 Bd8 29. Qe4 Rb5 30. Kh1 Bb6 31. Bf3 Kg7 32. Kg2 h5 33. h4 Rc7 34. Qe1 Ba5 35. Qf2 Bb6 36. a4 Rf5 37. Qe1 e5 38. Be4 Rf6 39. fxe5 Qxe5 40. Rb4 Ba5 41. Rb5 Qxb5 42. axb5 Bxe1 43. Rxe1 Re6 44. Ra1 Re5 45. Rxa7 Rxa7 46. b6 Rea5 47. Bd5 Kf6 48. bxa7 Rxa7 49. Bxb3 Ke5 50. Kf3 Kd6 51. Ke4 Kxc6 52. Kxd4 Kd6 53. Bc4 Rb7 54. Ke4 f6 55. b3 Re7+ 56. Kf4 Re1 57. Bf7 g5+ 58. hxg5 Rf1+ 59. Ke3 fxg5 60. Bxh5 Rg1 61. Kf3 Ke5 62. Bf7 Kf5 63. Bc4 g4+ 64. Kf2 Rb1 65. Ke3 Re1+ 66. Kf2 Rb1 67. Bg8 Ke5 68. Ke3 Rf1 69. d4+ Kd6 70. Bc4 Rf3+ 71. Ke4 Rxg3 72. Kf4 Rg2 73. Kg5 Rg1 74. Kf4 Rg2 75. Kg5 Ke7 76. Kf5 g3 77. Kf4 Rg1 78. Kf3 Kf6 79. b4 Rc1 80. Bd5 Rc3+ 81. Kf4 Rd3 82. Bf3 Rxd4+ 83. Kxg3 Rxb4 84. Bd5 Kf5 85. Kf3 Rd4 86. Bg8 Rd3+ 87. Ke2 Rd7 88. Ke3 Ke5 89. Bc4 Rh7 90. Kd3 Rh3+ 91. Kc2 Kd4 92. Bf7 Rf3 93. Bg8 Rg3 94. Bf7 Kc5 95. Kb2 Kb4 96. Kc2 Rf3 97. Bg8 Rc3+ 98. Kd2 Rc8 99. Bf7 Rc7 100. Bg8 Rc5 101. Kd3 Rg5 102. Bf7 Kc5 103. Be6 Re5 104. Bg8 Rg5 105. Bf7 Rg3+ 106. Ke4 Rg1 107. Ke3 Re1+ 108. Kd3 Rd1+ 109. Ke4 Rd4+ 110. Ke3 Rd7 111. Bg8 Kd6 112. Kd4 Rg7 113. Ba2 Rg4+ 114. Ke3 Ke5 115. Kd3 Rg3+ 116. Kc4 Rg2 117. Bb1 Rb2 118. Bd3 Rb8 119. Bh7 Rc8+ 120. Kd3 Rc7 121. Bg8 Rg7 122. Ba2 Rg2 123. Bf7 Rf2 124. Bg8 Rf3+ 125. Kc4 Rh3 126. Kc5 Rc3+ 127. Kb4 Kd4 128. Kb5 Rc5+ 129. Kb6 Rf5 130. Kc6 Re5 131. Kb6 Rg5 132. Ba2 Rg6+ 133. Kb5 Rf6 134. Bg8 Rf8 135. Ba2 Rc8 136. Bf7 Rb8+ 137. Kc6 Rb2 138. Bg8 Rg2 139. Bf7 Rc2+ 140. Kb5 Ke5 141. Bg8 Rc8 142. Bf7 Kd4 143. Kb6 Rf8 144. Ba2 Rb8+ 145. Kc6 Rc8+ 146. Kb6 Ke5 147. Bf7 Rf8 148. Ba2 Kd6 149. Kb5 Rf4 150. Bg8 Rg4 151. Ba2 Rg5+ 152. Kb4 Kc6 153. Bf7 Rg4+ 154. Kc3 Kc5 155. Kd3 Rd4+ 156. Ke3 Rd7 157. Bg8 Re7+ 158. Kd3 Rg7 159. Be6 Rg1 160. Bf7 Rg4 161. Ke3 Kd6 162. Kd3 Rh4 163. Ke3 Ke5 164. Kd3 Rf4 165. Bg8 Ra4 166. Kc3 Ra3+ 167. Kc4 Rg3 168. Bf7 Rg7 169. Be8 Rc7+ 170. Kd3 Kd5 171. Bh5 Rg7 172. Bf3+ Ke5 1/2-1/2

[Event "World Blitz 2023"]
[Site "Samarkand UZB"]
[Date "2023.12.29"]
[Round "10.23"]
[White "Vincent Keymer"]
[Black "Guha Mitrabha"]
[Result "1-0"]
[EventDate "2023.12.29"]
[WhiteElo "2629"]
[BlackElo "2512"]
[PlyCount "70"]

1. Nf3 Nf6 2. c4 b6 3. d4 Bb7 4. g3 Bxf3 5. exf3 e6 6. Bd3 Bb4+ 7. Kf1 O-O 8. Kg2 d5 9. Be3 dxc4 10. Bxc4 Nd5 11. Qb3 Be7 12. Nc3 c6 13. Rad1 Nd7 14. Bc1 Qc7 15. h4 Bf6 16. Ne4 Be7 17. Qc2 Rfd8 18. Bg5 Nf8 19. Bc1 Rd7 20. h5 h6 21. f4 Rad8 22. a3 Nh7 23. Nd2 Bf6 24. Nf3 Ne7 25. Be3 Nf8 26. g4 Nd5 27. g5 Nxf4+ 28. Bxf4 Qxf4 29. Rh4 Qc7 30. gxf6 gxf6 31. Qc1 Nh7 32. Qxh6 Kh8 33. Rg4 Rg8 34. Rxg8+ Kxg8 35. Rg1 1-0

[Event "World Blitz 2023"]
[Site "Samarkand UZB"]
[Date "2023.12.29"]
[Round "11.13"]
[White "Maksim Chigaev"]
[Black "Vincent Keymer"]
[Result "1/2-1/2"]
[EventDate "2023.12.29"]
[WhiteElo "2561"]
[BlackElo "2629"]
[PlyCount "92"]

1. e4 e5 2. Nf3 Nc6 3. Bc4 Nf6 4. d3 Bc5 5. c3 a6 6. O-O Ba7 7. a4 d6 8. Nbd2 O-O 9. h3 h6 10. Re1 Be6 11. Bxe6 fxe6 12. b4 Ne7 13. Ra2 Ng6 14. Nc4 b5 15. Ne3 d5 16. Qb3 Qd6 17. c4 bxc4 18. dxc4 Bxe3 19. Bxe3 Nxe4 20. cxd5 exd5 21. Bxh6 Kh8 22. Bc1 Rab8 23. b5 axb5 24. axb5 Nf4 25. Bxf4 Rxf4 26. Qd3 Rbf8 27. Rc2 Nxf2 28. Rxf2 e4 29. Qb3 exf3 30. Ref1 Qc5 31. g3 R4f6 32. Kh2 d4 33. h4 Qf5 34. Rxf3 Qxf3 35. Rxf3 Rxf3 36. Qd5 d3 37. Qh5+ Kg8 38. Qd5+ R8f7 39. Kh3 g6 40. Qd4 Kh7 41. Qd5 Kg7 42. Qd4+ Kh7 43. Qd5 Kg8 44. Qd4 Kh7 45. Qd5 Kg8 46. Qd4 1/2-1/2

[Event "World Rapid 2023"]
[Site "Samarkand UZB"]
[Date "2023.12.28"]
[Round "10.7"]
[White "Vincent Keymer"]
[Black "Volodar Murzin"]
[Result "1/2-1/2"]
[EventDate "2023.12.26"]
[WhiteElo "2738"]
[BlackElo "2627"]
[PlyCount "102"]

1. c4 c6 2. Nf3 d5 3. e3 Nf6 4. Nc3 Nbd7 5. Qc2 e5 6. cxd5 Nxd5 7. Bc4 Nxc3 8. bxc3 Bd6 9. d4 Qe7 10. e4 O-O 11. O-O Nf6 12. h3 b5 13. Bd3 Re8 14. a4 Bb7 15. dxe5 Bxe5 16. Ba3 b4 17. Bxb4 c5 18. Ba3 Nh5 19. Rfe1 Nf4 20. Bb5 Red8 21. Nxe5 Qxe5 22. Bc1 Rd6 23. Bxf4 Qxf4 24. Qe2 Rad8 25. Qe3 Qxe3 26. Rxe3 Kf8 27. f3 Rd2 28. Re2 Rxe2 29. Bxe2 Rd2 30. Kf1 Rb2 31. a5 Ke7 32. Bc4 f6 33. Ra2 Rb1+ 34. Ke2 Bc6 35. Bd3 Rg1 36. Ke3 Rc1 37. Rc2 Ra1 38. a6 Ra4 39. Rb2 Kd6 40. Bb5 Bxb5 41. Rxb5 Rxa6 42. Rb7 g5 43. Rxh7 Ra2 44. Rf7 Ke6 45. Rc7 Kd6 46. Rf7 Ke6 47. Rg7 Rxg2 48. Rxa7 Rc2 49. Kd3 Rf2 50. Ke3 Rc2 51. Kd3 Rf2 1/2-1/2

[Event "World Rapid 2023"]
[Site "Samarkand UZB"]
[Date "2023.12.28"]
[Round "11.4"]
[White "Vachier-Lagrave, Maxime"]
[Black "Vincent Keymer"]
[Result "1/2-1/2"]
[EventDate "2023.12.26"]
[WhiteElo "2731"]
[BlackElo "2738"]
[PlyCount "78"]

1. e4 e5 2. Nf3 Nc6 3. Bb5 a6 4. Ba4 Nf6 5. O-O Be7 6. d3 b5 7. Bb3 d6 8. a3 Na5 9. Ba2 c5 10. Nc3 Be6 11. Bg5 O-O 12. Bxf6 Bxf6 13. Nd5 g6 14. Qd2 Bg7 15. Ng5 Nc6 16. Nxe6 fxe6 17. Ne3 Qe7 18. c3 h5 19. b4 Bh6 20. Qe2 Kh7 21. Rab1 Rab8 22. Rb2 Rf6 23. Nc2 Qa7 24. Kh1 Rbf8 25. f3 g5 26. Rbb1 g4 27. fxg4 cxb4 28. Rxf6 Rxf6 29. Rf1 Rxf1+ 30. Qxf1 bxc3 31. Bxe6 Qe7 32. Qf5+ Kg7 33. Bd5 Nd4 34. Nxd4 exd4 35. gxh5 Qf6 36. Qd7+ Kf8 37. Qc8+ Ke7 38. Qc7+ Kf8 39. Qc8+ Ke7 1/2-1/2

[Event "World Rapid 2023"]
[Site "Samarkand UZB"]
[Date "2023.12.28"]
[Round "12.6"]
[White "Vincent Keymer"]
[Black "Peter Svidler"]
[Result "0-1"]
[EventDate "2023.12.26"]
[WhiteElo "2738"]
[BlackElo "2689"]
[PlyCount "72"]

1. Nf3 Nf6 2. c4 c5 3. Nc3 d5 4. cxd5 Nxd5 5. e3 Nxc3 6. dxc3 Qc7 7. e4 e6 8. Be2 Bd7 9. O-O Bc6 10. Qc2 Bd6 11. Bg5 h6 12. Bh4 Nd7 13. Rfd1 O-O 14. a4 a6 15. a5 Rfe8 16. Bf1 Bf4 17. Bg3 Nf6 18. Re1 Rad8 19. e5 Nh5 20. Qe2 Bxf3 21. Qxf3 Nxg3 22. hxg3 Bxe5 23. Bd3 Bf6 24. Be4 Rd7 25. Red1 Red8 26. Rxd7 Rxd7 27. Rd1 Rxd1+ 28. Qxd1 Qxa5 29. Qd7 g5 30. Bxb7 Qa1+ 31. Kh2 Qxb2 32. Bxa6 Qxf2 33. Qd3 Be5 34. Bb7 g4 35. Qd8+ Kg7 36. Qh4 Qf5 0-1

[Event "World Rapid 2023"]
[Site "Samarkand UZB"]
[Date "2023.12.28"]
[Round "13.16"]
[White "Daniel Dardha"]
[Black "Vincent Keymer"]
[Result "1-0"]
[EventDate "2023.12.26"]
[WhiteElo "2598"]
[BlackElo "2738"]
[PlyCount "134"]

1. d4 Nf6 2. c4 e6 3. Bf4 Bb4+ 4. Nd2 c5 5. dxc5 Bxc5 6. e3 O-O 7. Ngf3 b6 8. a3 Bb7 9. Be2 Be7 10. h3 d6 11. O-O Nbd7 12. Rc1 Rc8 13. b4 h6 14. Qb3 Qc7 15. Rfd1 Qb8 16. Bh2 Rfd8 17. Bf1 a6 18. Nd4 Qa8 19. Qb1 Ne4 20. Nxe4 Bxe4 21. Qb3 Nf8 22. Ne2 Ng6 23. Nc3 Bc6 24. b5 axb5 25. cxb5 Bb7 26. Na4 Qa7 27. Rxc8 Rxc8 28. Nc3 d5 29. a4 Qa5 30. Rc1 Bf6 31. Na2 Rxc1 32. Nxc1 Qd2 33. Ne2 Nh4 34. Nd4 e5 35. Qc2 Qxc2 36. Nxc2 Kf8 37. e4 d4 38. Bd3 Ng6 39. Na3 Bd8 40. Nc4 f6 41. Nd6 Ba8 42. f3 Bc7 43. Nc4 h5 44. Bg3 Ke7 45. Be1 Kd7 46. h4 Nf4 47. Bf1 Ne6 48. Bb4 g6 49. g3 f5 50. Bd3 fxe4 51. Bxe4 Bxe4 52. fxe4 g5 53. g4 gxh4 54. gxh5 Ke8 55. h6 Kf7 56. Bd6 Bxd6 57. Nxd6+ Kg6 58. Nc4 Nc5 59. Nxb6 d3 60. Nc4 Nxa4 61. Nxe5+ Kxh6 62. Nxd3 Kg5 63. Kg2 Kg4 64. Nb4 Kf4 65. Nd5+ Kxe4 66. Nc3+ Nxc3 67. b6 Kd5 1-0

[Event "World Rapid 2023"]
[Site "Samarkand UZB"]
[Date "2023.12.27"]
[Round "6.35"]
[White "Vincent Keymer"]
[Black "Klementy Sychev"]
[Result "1-0"]
[EventDate "2023.12.26"]
[WhiteElo "2738"]
[BlackElo "2542"]
[PlyCount "70"]

1. c4 c6 2. Nf3 d5 3. e3 Nf6 4. Nc3 Nbd7 5. d4 e6 6. Be2 Bd6 7. O-O O-O 8. a4 a5 9. Qc2 b6 10. b3 Bb7 11. Bb2 Qe7 12. Rad1 Bb4 13. Bd3 Rad8 14. Ne5 Nxe5 15. dxe5 Nd7 16. Bxh7+ Kh8 17. Ne2 g6 18. Bxg6 fxg6 19. Nf4 Rxf4 20. exf4 Qf7 21. cxd5 cxd5 22. Qc7 Rb8 23. Rd3 Ba6 24. Rxd5 Rb7 25. Qc8+ Qg8 26. Rc1 Qxc8 27. Rxc8+ Kh7 28. Rd6 Nc5 29. Rdd8 Nxb3 30. h4 Nc5 31. Rh8+ Kg7 32. h5 gxh5 33. f5 Nxa4 34. Rcg8+ Kf7 35. f6 1-0

[Event "World Rapid 2023"]
[Site "Samarkand UZB"]
[Date "2023.12.27"]
[Round "7.23"]
[White "Denis Makhnev"]
[Black "Vincent Keymer"]
[Result "0-1"]
[EventDate "2023.12.26"]
[WhiteElo "2486"]
[BlackElo "2738"]
[PlyCount "68"]

1. d4 Nf6 2. c4 e6 3. Nc3 Bb4 4. e3 O-O 5. Bd3 d5 6. Ne2 dxc4 7. Bxc4 c5 8. a3 Bxc3+ 9. bxc3 Nc6 10. O-O e5 11. Bb2 Qc7 12. Bd3 Be6 13. e4 exd4 14. cxd4 Ng4 15. f4 c4 16. Bc2 Ne3 17. Qd2 Nxf1 18. Kxf1 Bg4 19. Ng3 Rac8 20. Bc3 b6 21. h3 Bd7 22. d5 Na5 23. e5 Nb3 24. Qe3 Nxa1 25. Bb1 Ba4 26. Nh5 Bc2 27. d6 Qb7 28. Bxc2 Nxc2 29. Qg3 f6 30. e6 Rce8 31. d7 Ne3+ 32. Qxe3 Qxd7 33. Nxf6+ gxf6 34. f5 Qd3+ 0-1

[Event "World Rapid 2023"]
[Site "Samarkand UZB"]
[Date "2023.12.27"]
[Round "8.12"]
[White "Vincent Keymer"]
[Black "Conrad Holt"]
[Result "1-0"]
[EventDate "2023.12.26"]
[WhiteElo "2738"]
[BlackElo "2540"]
[PlyCount "104"]

1. Nf3 d5 2. e3 Bg4 3. c4 c6 4. Qb3 Qc7 5. d4 Bxf3 6. gxf3 Nf6 7. Nc3 e6 8. Bd2 Be7 9. O-O-O O-O 10. Kb1 Nbd7 11. cxd5 Nxd5 12. Bd3 a5 13. Nxd5 cxd5 14. Rc1 Qb8 15. a3 Rd8 16. f4 Nf6 17. Qb6 Rd6 18. Qc7 Qf8 19. f5 Rd7 20. Qb6 Rd6 21. Qb5 Qd8 22. fxe6 Rxe6 23. Ka2 Rb6 24. Qa4 Bb4 25. Qd1 Bxd2 26. Qxd2 Ne4 27. Bxe4 dxe4 28. Rc5 h6 29. Rhc1 Rg6 30. Qc2 Rg2 31. Qxe4 Rxf2 32. Qxb7 Rb8 33. Qxb8 Qxb8 34. Rc8+ Qxc8 35. Rxc8+ Kh7 36. h4 g5 37. hxg5 hxg5 38. Rc5 g4 39. Rxa5 f5 40. Ra7+ Kg6 41. Ra8 Kf7 42. Rc8 g3 43. Rc1 Re2 44. Rf1 Rf2 45. Re1 Ke6 46. a4 Kd5 47. a5 Ke4 48. Kb3 g2 49. a6 Rf1 50. a7 g1=Q 51. a8=Q+ Kd3 52. Rxf1 1-0

[Event "World Rapid 2023"]
[Site "Samarkand UZB"]
[Date "2023.12.26"]
[Round "1.12"]
[White "Subramaniyam H Bharath"]
[Black "Vincent Keymer"]
[Result "1-0"]
[EventDate "2023.12.26"]
[WhiteElo "2426"]
[BlackElo "2590"]
[PlyCount "94"]

1. Nf3 Nf6 2. g3 b5 3. Bg2 Bb7 4. Na3 a6 5. c4 bxc4 6. Nxc4 e6 7. O-O Be7 8. d3 c5 9. Qb3 Ra7 10. Bd2 Nc6 11. Qa4 O-O 12. Rac1 a5 13. Bc3 d6 14. Rfd1 Nd7 15. e4 Nb4 16. Bxb4 cxb4 17. Qc2 Qa8 18. Nd4 Rc8 19. Qe2 Ra6 20. Nb5 Rac6 21. Qe3 Ne5 22. b3 Ng4 23. Qf4 Ne5 24. Nbxd6 Bxd6 25. Nxd6 Rxd6 26. Rxc8+ Qxc8 27. Qxe5 Rd7 28. Qxa5 Qc2 29. Bf3 Qc3 30. Qb5 Qd4 31. Rc1 h6 32. Be2 f5 33. Rc4 Qa1+ 34. Bf1 Rxd3 35. Qxb7 Rd1 36. Rc8+ Kh7 37. Qa6 fxe4 38. Kg2 Qf6 39. Qe2 Rd4 40. Rc4 Qe5 41. Rxd4 Qxd4 42. Qc4 Qe5 43. Qxb4 e3 44. Bd3+ Kg8 45. fxe3 Qxe3 46. Qb8+ Kf7 47. Qf4+ 1-0

[Event "World Rapid 2023"]
[Site "Samarkand UZB"]
[Date "2023.12.26"]
[Round "2.46"]
[White "Vincent Keymer"]
[Black "Nikolay Averin"]
[Result "1-0"]
[EventDate "2023.12.26"]
[WhiteElo "2590"]
[BlackElo "2240"]
[PlyCount "72"]

1. Nf3 d5 2. e3 Nf6 3. c4 e6 4. Nc3 Be7 5. b3 O-O 6. Bb2 c5 7. cxd5 exd5 8. d4 Bg4 9. Be2 Bxf3 10. Bxf3 cxd4 11. exd4 Nc6 12. O-O Re8 13. a3 Na5 14. Re1 Qd7 15. Nxd5 Nxd5 16. Re5 Nf6 17. Rxa5 Bd8 18. Re5 Bb6 19. Rc1 Rad8 20. Rxe8+ Qxe8 21. Bxb7 Qd7 22. Bf3 h6 23. Rc4 Qe7 24. g3 Ne8 25. Qd3 Nd6 26. Rc2 Qe1+ 27. Kg2 Qe6 28. Re2 Qd7 29. Re5 Qc7 30. a4 Nc8 31. Qc4 Qd7 32. a5 Bc7 33. Bc6 Qd6 34. Be8 Kh8 35. Qxf7 Bb8 36. d5 1-0

[Event "World Rapid 2023"]
[Site "Samarkand UZB"]
[Date "2023.12.26"]
[Round "3.21"]
[White "Ortik Nigmatov"]
[Black "Vincent Keymer"]
[Result "0-1"]
[EventDate "2023.12.26"]
[WhiteElo "2398"]
[BlackElo "2590"]
[PlyCount "68"]

1. e4 e5 2. Nf3 Nc6 3. Bb5 a6 4. Ba4 Nf6 5. O-O Be7 6. Bxc6 dxc6 7. Qe1 Be6 8. b3 Nd7 9. d4 f6 10. Qc3 O-O 11. Ba3 Bd6 12. Bxd6 cxd6 13. Nbd2 Qe7 14. Rad1 Rad8 15. Rfe1 h6 16. h3 Rfe8 17. a4 Nf8 18. Nf1 Ng6 19. Ng3 Qf7 20. Qa5 d5 21. dxe5 fxe5 22. exd5 Rxd5 23. Rxd5 Bxd5 24. Ne4 Nf4 25. Qc3 Qg6 26. Nh4 Qh5 27. Nf3 Rf8 28. Ng3 Qf7 29. Nxe5 Qf6 30. f3 Re8 31. Qa1 Nxg2 32. Kxg2 Rxe5 33. Ne4 Bxe4 34. Rxe4 Rg5+ 0-1

[Event "World Rapid 2023"]
[Site "Samarkand UZB"]
[Date "2023.12.26"]
[Round "4.3"]
[White "Vincent Keymer"]
[Black "Denis Lazavik"]
[Result "0-1"]
[EventDate "2023.12.26"]
[WhiteElo "2590"]
[BlackElo "2453"]
[PlyCount "126"]

1. c4 Nf6 2. Nf3 e6 3. b3 d5 4. Bb2 Be7 5. e3 O-O 6. d4 b6 7. Nbd2 Bb7 8. Bd3 Nbd7 9. O-O c5 10. Qe2 dxc4 11. bxc4 Qc7 12. a4 Rfd8 13. Rfd1 Nf8 14. a5 cxd4 15. exd4 bxa5 16. Qe5 Bd6 17. Qxa5 Qe7 18. Bc3 Ng6 19. Re1 Bc7 20. Qa3 Bd6 21. Qb2 Qd7 22. Bf1 Be7 23. Qc2 a6 24. Reb1 Rdc8 25. g3 Ne8 26. Bg2 Ra7 27. h4 Bf6 28. c5 Bd5 29. Ne4 Ne7 30. g4 Nc6 31. g5 Be7 32. Qd3 a5 33. h5 f5 34. Ned2 Qd8 35. Nc4 Be4 36. Qe2 Bxg5 37. Nb6 Rb8 38. Re1 Bf6 39. Rad1 Nc7 40. Qc4 h6 41. Rxe4 fxe4 42. Nd2 Nd5 43. Nxe4 Nxc3 44. Nxc3 Qe8 45. Nb5 Re7 46. Nd6 Qxh5 47. Rd3 Nb4 48. Rf3 Kh8 49. Nbc8 Nd5 50. Rh3 Qg4 51. Rg3 Qd1+ 52. Kh2 Qh5+ 53. Rh3 Qg4 54. Nxe7 Qf4+ 55. Rg3 Bxe7 56. Bxd5 exd5 57. Qxd5 Qxf2+ 58. Kh3 Qf1+ 59. Kg4 Rf8 60. Qe4 Bg5 61. Nf5 g6 62. Qe5+ Bf6 63. Ne3 Qe2+ 0-1

[Event "World Rapid 2023"]
[Site "Samarkand UZB"]
[Date "2023.12.26"]
[Round "5.43"]
[White "Johan-Sebastian Christiansen"]
[Black "Vincent Keymer"]
[Result "0-1"]
[EventDate "2023.12.26"]
[WhiteElo "2618"]
[BlackElo "2738"]
[PlyCount "90"]

1. e4 e5 2. Nf3 Nc6 3. d4 exd4 4. Nxd4 Nf6 5. Nxc6 bxc6 6. Nd2 Bc5 7. Nb3 Nxe4 8. Nxc5 Nxc5 9. Be3 Qe7 10. Qh5 d5 11. Be2 O-O 12. O-O Be6 13. Rfe1 Rfe8 14. Rad1 Qf8 15. Qe5 Qd6 16. Qd4 Ne4 17. Bd3 c5 18. Qa4 Nf6 19. Bb5 Red8 20. Bg5 Rab8 21. Bxf6 gxf6 22. Bf1 Rb4 23. Qa3 a5 24. Qxa5 Rdb8 25. b3 h5 26. Re3 h4 27. c3 Rg4 28. Be2 Rg5 29. Bf3 Kg7 30. Qa3 Rd8 31. Qc1 d4 32. Re4 Bd5 33. Rf4 Bxf3 34. Rxf3 Qc6 35. Qf4 Re8 36. h3 Re4 37. Qd2 Ree5 38. Kh1 Rxg2 39. Kxg2 Rg5+ 40. Qxg5+ fxg5 41. cxd4 Qe4 42. Rd3 cxd4 43. b4 f5 44. Kg1 g4 45. hxg4 fxg4 0-1

[Event "Bundesliga 2023-24"]
[Site "GER"]
[Date "2023.12.03"]
[Round "4.4"]
[White "Leon Livaic"]
[Black "Vincent Keymer"]
[Result "0-1"]
[EventDate "2023.10.21"]
[WhiteElo "2549"]
[BlackElo "2717"]
[PlyCount "70"]

1. d4 Nf6 2. c4 e6 3. g3 Bb4+ 4. Nd2 d5 5. Bg2 a5 6. Qc2 dxc4 7. Qxc4 O-O 8. a3 Be7 9. b3 Nbd7 10. Bb2 c5 11. Ngf3 b6 12. Qc2 Ba6 13. Qd1 Rc8 14. O-O Qc7 15. Rc1 Qb8 16. Ne5 Nxe5 17. dxe5 Nd5 18. Ne4 Rfd8 19. Qd2 Nf6 20. Qc2 Nxe4 21. Bxe4 g6 22. Bc3 Qc7 23. a4 c4 24. bxc4 Bxc4 25. Qb2 Bc5 26. h4 Qe7 27. Rc2 Ba6 28. Rb1 Qd7 29. Ra1 Qe7 30. e3 Bd3 31. Bxd3 Rxd3 32. Bd4 Qd7 33. Qb5 Qxb5 34. axb5 Rb3 35. e4 Rxg3+ 0-1